| 000 | 00774nam a22002297a 4500 | ||
|---|---|---|---|
| 003 | OSt | ||
| 005 | 20230925091242.0 | ||
| 008 | 221006b |||||||| |||| 00| 0 eng d | ||
| 040 | _cLado V | ||
| 082 |
_a750 _bV732v |
||
| 100 |
_91093 _aVillegas, Emilia _eautor |
||
| 245 |
_aUn vistazo a una década de pintura/ _bA glimpse on a decade of painting/ |
||
| 260 |
_bDiseño Gráfico _c1967 _aCosta Rica |
||
| 300 |
_c22x20cm _a22p. |
||
| 366 | _espa | ||
| 505 | _tPresentación | ||
| 650 |
_2Tesauro de Arte & Arquitectura _aARTE _9703 |
||
| 650 |
_2Tesauro de Arte & Arquitectura _aPINTURA _9702 |
||
| 650 |
_2Tesauro de Arte & Arquitectura _aACRÍLICO _9702 |
||
| 650 |
_2Tesauro de Arte & Arquitectura _aÓLEO _9703 |
||
| 942 |
_2ddc _c1 _h750 _iV732v _n0 |
||
| 999 |
_c4377 _d4377 |
||